LEADER 01229nam--2200373---450- 001 990001744810203316 005 20050708121001.0 035 $a000174481 035 $aUSA01000174481 035 $a(ALEPH)000174481USA01 035 $a000174481 100 $a20040610d1971----km-y0itay0103----ba 101 0 $afre 102 $aFR 105 $a||||||||001yy 200 1 $a<> premier humanisme Byzantin$eNotes et remarques sur enseignement et culture à Bysance des origines au 10. siècle$fPaul Lemerle 210 $aParis$cPresses Univ. de France$d1971 215 $a327 p.$d25 cm 225 2 $aBybliotheque byzantine$fEtudes$v6 410 0$12001$aBybliotheque byzantine$fEtudes$v6 454 1$12001 461 1$1001-------$12001 606 0 $aCiviltà Bizantina$xStoria$zSec. 10. 700 1$aLEMERLE,$bPaul$0152892 801 0$aIT$bsalbc$gISBD 912 $a990001744810203316 951 $aVIII P Coll. 11/6$b59902 L.M.$cVIII P Coll. 951 $aV.2.B. 11a(VIII P Coll. 11/6 bis)$b69206 L.M.$cVIII P Coll. 959 $aBK 969 $aUMA 979 $aSIAV2$b10$c20040610$lUSA01$h1633 979 $aCOPAT6$b90$c20050708$lUSA01$h1210 996 $aPremier humanisme byzantin$9489584 997 $aUNISA